Logo BPK

Biblioteka

Politechniki Koszalińskiej

Zużycie ścierne żeliw / (Rekord nr 22100)

Szczegóły MARC
000 -ETYKIETA REKORDU
podpole kontrolne o stałej długości 00310nam a2200133 i 4500
001 - NUMER KONTROLNY REKORDU
pole kontrolne bg
040 ## - ŹRÓDŁO KATALOGOWANIA
Instytucja, która utworzyła rekord BPK
041 ## - KOD JĘZYKA
Kod języka tekstu pol
008 - POLE O STAŁEJ DŁUGOŚCI - DANE KONTROLNE
podpole kontrolne o stałej długości s pl f |000 0 pol
100 1# - NAZWA OSOBOWA
Nazwa osobowa ZABOROWSKI, T.
245 #0 - TYTUŁ/ODPOWIEDZIALNOŚĆ
Tytuł Zużycie ścierne żeliw /
Pozostałe elementy strefy tytułu i oznaczenia odpowiedzialności T. Zaborowski.
260 ## - STREFA ADRESU WYDAWNICZEGO
Miejsce wydania Gorzów Wlkp.,
Data publikacji, dystrybucji/powstania dokumentu 1979.
856 ## - LOKALIZACJA I DOSTĘP DO ELEKTRONICZNYCH DOKUMENTÓW ZDALNYCH
Link (URL) http://koha.tu.koszalin.pl/cgi-bin/koha/opac-detail.pl?biblionumber=22100
Tekst linku Katalog online BPK
942 ## - DODATKOWE ELEMENTY (KOHA)
Typ dokumentu Książka
Egzemplarze
Wycofany Status egzemplarza Uszkodzony Dostępność Lokalizacja stała Lokalizacja bieżąca Miejsce przechowywania Sygnatura Kod kreskowy Ostatnio wypożyczono Typ dokumentu
      Dostępny Biblioteka Politechniki Koszalińskiej Biblioteka Politechniki Koszalińskiej Wypożyczalnia BG 31055 01289954 05.05.2014 Książka
© 2023 Biblioteka Politechniki Koszalińskiej :: KOHA